[Event "senmm16"]

[Site "Magdeburg"]
[Date "2016.10.10"]
[Round "2.1"]
[White "Ackermann, Hans Werner"]
[Black "Krueger, Erich"]
[Result "1/2-1/2"]
[BlackElo "2235"]
[WhiteElo "2360"]
[LiveChessVersion "1.4.8"]

1. Nf3 Nf6 2. b3 d6 3. d4 g6 4. Bb2 Bg7 5. g3 O-O 6. Bg2 c6 7. O-O Nbd7 8. c4 e5
9. dxe5 Nxe5 10. Nc3 Bg4 11. Nd4 Qc7 12. h3 Be6 13. f4 Ned7 14. e4 d5 15. cxd5
cxd5 16. e5 Ne4 17. Nxe4 dxe4 18. Nxe6 fxe6 19. Rc1 Qb6+ 20. Qd4 Rfd8 21. Kh1
Bf8 22. Qxe4 Nc5 23. Qe2 Nd3 24. Rb1 Nxb2 25. Rxb2 Rd7 26. Rd1 Rad8 27. Rbd2 Qc7
28. Rxd7 Rxd7 29. Rxd7 Qxd7 30. Qf3 Bc5 31. h4 b6 32. Kh2 a5 33. Qc6 Qxc6 34.
Bxc6 Kf7 35. Kg2 Bb4 36. Kf3 Be1 37. Bb5 Ke7 38. Bd3 Kf7 39. h5 Bb4 40. Ke2 Kg7
41. Bc4 Kf7 42. Kf3 Bc5 43. g4 Ke7 44. h6 Bb4 45. Ke3 Ba3 46. Kd2 Bb2 47. Kc2
Bd4 48. Kd3 Bb2 49. Ke4 Bc1 50. Ba6 Bd2 51. Bd3 Kf7 52. Kf3 Bc1 53. Bc4 Ke7 54.
Bf1 Bd2 55. Bh3 Bc1 56. Ke4 Bd2 57. Bf1 Bc1 58. Bc4 Bd2 59. Ba6 Bc1 60. Bc4 Bd2
1/2-1/2

[Event "senmm16"]
[Site "Magdeburg"]
[Date "2016.10.10"]
[Round "2.2"]
[White "Hassenrueck, Helmut"]
[Black "Khanukov, Boris"]
[Result "0-1"]
[BlackElo "2316"]
[WhiteElo "2215"]
[LiveChessVersion "1.4.8"]

1. d4 Nf6 2. Nf3 e6 3. c4 d5 4. Nc3 Be7 5. Bf4 O-O 6. e3 c6 7. h3 Nbd7 8. Qc2
Re8 9. a3 Nf8 10. Rd1 Ng6 11. Bh2 Bd6 12. Bxd6 Qxd6 13. Be2 b6 14. O-O Bb7 15.
b4 dxc4 16. Bxc4 a5 17. bxa5 Rxa5 18. a4 c5 19. e4 cxd4 20. Rxd4 Qc5 21. Bb3 Ne5
22. Qd2 Nxf3+ 23. gxf3 Qh5 24. Nb5 Bc6 25. Nc7 Qxh3 26. Bd5 exd5 27. Nxe8 Bxe8
28. exd5 Qxf3 29. Re1 Bd7 30. Re3 Qf5 31. Rg3 Ne4 32. Rxe4 Qxe4 33. Qg5 g6 34.
Qd8+ Qe8 0-1

[Event "senmm16"]
[Site "Magdeburg"]
[Date "2016.10.10"]
[Round "2.3"]
[White "Rotstein, Jefim"]
[Black "Thiel, Kuno"]
[Result "1-0"]
[BlackElo "2181"]
[WhiteElo "2316"]
[LiveChessVersion "1.4.8"]

1. e4 Nc6 2. d4 d5 3. e5 Bf5 4. Bb5 e6 5. Ne2 Nge7 6. Ng3 Bg6 7. h4 h6 8. h5 Bh7
9. Nc3 Qd7 10. Be3 a6 11. Bd3 Bxd3 12. Qxd3 O-O-O 13. O-O-O Kb8 14. f4 g6 15.
hxg6 fxg6 16. Nf1 h5 17. Nd2 Bh6 18. Nb3 Nf5 19. Bd2 Qe7 20. Kb1 h4 21. Ne2 Rdg8
22. Nc5 Ka7 23. Rh3 g5 24. fxg5 Bxg5 25. Qb3 Rb8 26. Bxg5 Qxg5 27. Nxe6 Qxg2 28.
N6f4 Qe4 29. Qxd5 Qxd5 30. Nxd5 Rbd8 31. c4 Rdg8 32. e6 Rg2 33. Ndf4 Rf2 34. d5
Ne5 35. c5 Nc4 36. b3 Nce3 37. Rd3 Rf1+ 38. Kb2 Nd1+ 39. Ka3 Nf2 40. Rdf3 Nxh3
41. Rxf1 Ne3 42. Rf3 Nxf4 43. Nxf4 h3 44. Rxe3 h2 45. Re1 h1=Q 46. Rxh1 Rxh1 47.
e7 Rh8 48. d6 1-0

[Event "senmm16"]
[Site "Magdeburg"]
[Date "2016.10.10"]
[Round "2.4"]
[White "Lotzien, Hans"]
[Black "Huettemann, Karl-Heinz"]
[Result "1/2-1/2"]
[BlackElo "2249"]
[WhiteElo "2166"]
[LiveChessVersion "1.4.8"]

1. e4 c5 2. Nc3 Nc6 3. Bc4 e6 4. d3 a6 5. a4 Nge7 6. Nge2 d5 7. exd5 Nxd5 8. O-O
Nxc3 9. bxc3 Be7 10. d4 O-O 11. Ba3 Qa5 12. Bd3 Rd8 13. Qc1 e5 14. dxc5 Bxc5 15.
Qg5 Bxa3 16. Rxa3 Be6 17. Ng3 h6 18. Qe3 Qc7 19. Qe4 g6 20. Raa1 f5 21. Qh4 Kg7
22. f3 Qe7 23. Qxe7+ Nxe7 24. Rab1 Bd5 25. Rfe1 Kf6 26. a5 Rac8 27. Rb6+ Bc6 28.
c4 Rc7 29. h4 h5 30. Nf1 Rd4 31. Ne3 Kg7 32. Kf2 e4 33. fxe4 fxe4 34. Bf1 Rc8
35. Rbb1 Rf8+ 36. Ke2 Nf5 37. Nxf5+ Rxf5 38. Ke3 Rd8 39. Ra1 Rdf8 40. Be2 Rc5
41. Rf1 Rxf1 1/2-1/2

[Event "senmm16"]
[Site "Magdeburg"]
[Date "2016.10.10"]
[Round "2.5"]
[White "Nekrasov, Mihail"]
[Black "Liebert, Heinz"]
[Result "1/2-1/2"]
[BlackElo "2183"]
[WhiteElo "2388"]
[LiveChessVersion "1.4.8"]

1. e4 c5 2. Nf3 Nc6 3. d4 cxd4 4. Nxd4 Qc7 5. Nc3 e6 6. Nxc6 bxc6 7. Bd3 Nf6 8.
O-O Be7 9. Qe2 d5 10. b3 O-O 11. Bb2 Bb7 12. Na4 c5 13. exd5 Bxd5 14. Rad1 Rac8
15. c4 Bb7 16. Nc3 a6 17. Ne4 Bxe4 18. Bxe4 Nxe4 19. Qxe4 Rfd8 20. g3 Bf8 21.
Bc3 h6 22. h4 Rxd1 23. Rxd1 Rd8 24. Rxd8 Qxd8 25. Qc6 Qd3 26. Be5 Qb1+ 27. Kg2
Qxa2 28. Qc8 Qd2 29. Qxa6 Qd7 30. Bf4 h5 31. Qa8 f6 32. Be3 Kf7 33. Kh2 g6 34.
Qa6 Qd6 35. Qb7+ Qe7 36. Qb5 Qc7 37. Bd2 Be7 38. Ba5 Qd6 39. Qb7 e5 40. Kg2 f5
41. Bb6 e4 42. b4 cxb4 43. c5 Qd3 44. c6 Qd5 45. Bd8 e3+ 46. Kh2 exf2 47. Qxe7+
Kg8 48. Qe8+ Kg7 49. Qe7+ Kg8 50. Qe8+ Kg7 1/2-1/2

[Event "senmm16"]
[Site "Magdeburg"]
[Date "2016.10.10"]
[Round "2.6"]
[White "Koehler, Gerhard, Dr."]
[Black "Werner, Clemens"]
[Result "1/2-1/2"]
[BlackElo "2323"]
[WhiteElo "2166"]
[LiveChessVersion "1.4.8"]

1. c4 e5 2. Nc3 Nf6 3. g3 c6 4. d4 exd4 5. Qxd4 d5 6. Bg2 Na6 7. cxd5 Nb4 8. Qd1
Nbxd5 9. Nxd5 Nxd5 10. Nf3 Be7 11. O-O O-O 12. e4 Nf6 13. Qc2 Qa5 14. h3 Qc5 15.
Qe2 Be6 16. b3 Rad8 17. Be3 Qa5 18. Nd4 Bc8 19. Rfd1 Rfe8 20. Qc2 Ba3 21. Ne2 h6
22. Bd4 Nh7 23. Bc3 Bb4 24. Bxb4 Qxb4 25. a3 Qe7 26. b4 Qf6 27. Nf4 Nf8 28. Rxd8
Qxa1+ 29. Qd1 Qxd1+ 30. Rxd1 Ne6 31. Nxe6 Bxe6 32. f4 Kf8 33. Kf2 f6 34. h4 Ke7
35. Bf3 Rc8 36. Rc1 Kd6 37. Ke3 b6 38. Rd1+ Ke7 39. Rc1 Kd6 40. Rd1+ Ke7 41. Rc1
1/2-1/2

[Event "senmm16"]
[Site "Magdeburg"]
[Date "2016.10.10"]
[Round "2.7"]
[White "Herbrechtsmeier, Christof"]
[Black "Kahe, Ralph"]
[Result "0-1"]
[BlackElo "2189"]
[WhiteElo "2249"]
[LiveChessVersion "1.4.8"]

1. d4 d5 2. e4 dxe4 3. Nc3 Nf6 4. f3 exf3 5. Nxf3 Bg4 6. h3 Bxf3 7. Qxf3 c6 8.
Be3 e6 9. Bd3 Be7 10. O-O O-O 11. Rf2 Nbd7 12. Raf1 Nb6 13. Ne4 Nbd5 14. Bd2 Qd7
15. c4 Nxe4 16. Qxe4 f5 17. Qe2 Nc7 18. g4 Bf6 19. Kh1 Bxd4 20. Rg2 g6 21. Bh6
Bg7 22. Bxg7 Qxg7 23. gxf5 exf5 24. Rxf5 Rxf5 25. Bxf5 Re8 26. Qd2 Qf6 27. Bg4
Qf1+ 28. Kh2 Qxc4 29. Qd6 Qf7 30. Bd1 Qe7 31. Qd3 Qe4 32. Qb3+ Nd5 33. Bf3 Qf4+
34. Rg3 Kh8 35. Bxd5 cxd5 36. Qd3 d4 37. Kg2 Qe4+ 38. Qxe4 Rxe4 39. Kf2 Kg7 40.
Ra3 a6 41. Ra4 Kf6 42. Rb4 b5 43. a4 Rf4+ 44. Kg3 Ke5 45. axb5 axb5 46. Rxb5+
Ke4 47. Rb7 Rf3+ 48. Kg2 Rf6 49. b4 d3 50. Re7+ Kd4 51. Rxh7 d2 52. Rd7+ Kc3 53.
Rc7+ Kxb4 54. Rd7 Kc3 55. Rc7+ Kd3 56. Rd7+ Ke2 57. Re7+ Kd1 58. Rc7 Re6 59. Kf2
Re2+ 60. Kf1 Re3 61. Rc6 Rxh3 62. Kf2 Rb3 0-1

[Event "senmm16"]
[Site "Magdeburg"]
[Date "2016.10.10"]
[Round "2.8"]
[White "Gregor, George"]
[Black "Kiefer, Gerhard"]
[Result "1/2-1/2"]
[BlackElo "2237"]
[WhiteElo "2237"]
[LiveChessVersion "1.4.8"]

1. c4 e5 2. g3 Nf6 3. Bg2 d5 4. cxd5 Nxd5 5. Nc3 Nb6 6. Nf3 Nc6 7. O-O Be7 8. d3
O-O 9. a3 Be6 10. b4 f6 11. Bb2 a5 12. b5 Nd4 13. Nd2 Qc8 14. e3 Nf5 15. Qc2 a4
16. Rac1 Ra5 17. Nc4 Nxc4 18. dxc4 Kh8 19. Nd5 Bc5 20. Bc3 Ra7 21. Bb4 Bxb4 22.
Nxb4 Nd6 23. Bd5 Bxd5 24. Nxd5 Qd7 25. Rfd1 Qf7 26. Nxc7 Qxc7 27. b6 Qxb6 28. c5
Qc7 29. cxd6 Qd7 30. Qc7 b5 31. Qxd7 Rxd7 32. Rc5 Rb8 33. Rdd5 Kg8 34. Rxb5 Rxb5
35. Rxb5 Rxd6 36. Ra5 Rd2 37. Rxa4 Kf7 38. h4 Kg6 39. Ra7 Ra2 40. Kg2 h5 41. a4
e4 42. a5 Kf5 43. Rxg7 Rxa5 44. g4+ hxg4 45. h5 Ke6 46. Rxg4 Rxh5 47. Rxe4+ Kf7
48. Ra4 Rg5+ 49. Kf3 Rf5+ 50. Kg3 Rg5+ 51. Kf4 Rh5 52. Ra8 Rh4+ 53. Kg3 Rb4 54.
Kf3 Rb2 55. e4 Rc2 56. Ke3 Rb2 57. f3 Rb3+ 58. Kf4 Rb5 59. Rd8 Ra5 60. Rd5 Ra3
61. Rb5 Rc3 62. Kg4 Re3 63. Rb4 Ra3 64. Rb7+ Kf8 65. f4 Ra5 66. Rd7 Ra1 67. Kf5
Rf1 68. Rd6 Kg7 69. Ra6 Rf2 70. Ra1 Kf8 71. Ra7 Rf1 72. Rh7 Rf2 73. Rb7 Rf1 74.
Kxf6 Rxf4+ 75. Ke5 Rh4 76. Kf5 Rh6 77. e5 Ke8 78. Kg5 Re6 79. Kf5 Ra6 80. e6 Ra1
1/2-1/2

[Event "senmm16"]
[Site "Magdeburg"]
[Date "2016.10.10"]
[Round "2.9"]
[White "Schulze, Ulrich"]
[Black "Salov, Sergej"]
[Result "1/2-1/2"]
[BlackElo "2234"]
[WhiteElo "2299"]
[LiveChessVersion "1.4.8"]

1. d4 Nf6 2. Nf3 e6 3. c4 Bb4+ 4. Bd2 c5 5. Bxb4 cxb4 6. a3 bxa3 7. Rxa3 d6 8.
b4 b6 9. g3 Bb7 10. Bg2 O-O 11. O-O Nc6 12. b5 Ne7 13. Nbd2 Qc7 14. Qb3 a5 15.
bxa6 Rxa6 16. Rxa6 Bxa6 17. Ra1 Bb7 18. Ne1 Bxg2 19. Kxg2 Nc6 20. e3 Rc8 21. Nd3
h6 22. Qb5 d5 23. cxd5 Nxd5 24. Rc1 Qb7 25. Ne4 Na7 26. Rxc8+ Qxc8 27. Qa4 Qc6
28. Qxa7 Nc3 29. Qxf7+ Kxf7 30. Ne5+ Ke8 31. Nxc6 Nxe4 32. f3 Nd6 33. Kf2 Kd7
34. Nb4 b5 35. Ke2 Nc4 36. Kd3 Kd6 37. f4 Nb2+ 38. Kc3 Nd1+ 39. Kd2 Nf2 40. Ke2
Ne4 41. Kf3 Nd2+ 42. Kf2 Ne4+ 43. Ke2 Nc3+ 44. Kd3 Nd1 45. h4 Nf2+ 46. Ke2 Ne4
47. Kf3 Nd2+ 48. Kg2 h5 49. Kf2 Ne4+ 50. Kf3 Nd2+ 51. Ke2 Ne4 1/2-1/2

[Event "senmm16"]
[Site "Magdeburg"]
[Date "2016.10.10"]
[Round "2.10"]
[White "Gruzmann, Boris"]
[Black "Fritsch, Rolf"]
[Result "1/2-1/2"]
[BlackElo "2258"]
[WhiteElo "2253"]
[LiveChessVersion "1.4.8"]

1. e4 d6 2. d4 Nf6 3. Nc3 e5 4. Nge2 Nbd7 5. f3 c6 6. Be3 Qa5 7. Qd2 b5 8. g4 h6
9. h4 Qc7 10. O-O-O Nb6 11. Ng3 b4 12. Nb1 a5 13. dxe5 dxe5 14. Qf2 Rb8 15. Nd2
Be6 16. Kb1 a4 17. Nf5 h5 18. g5 Bxf5 19. gxf6 Be6 20. fxg7 Bxg7 21. Rg1 Bf6 22.
Bg5 Be7 23. Qe3 f6 24. Bh6 Rd8 25. Be2 Bf7 26. Bg7 Rh7 27. Bh6 Nd7 28. Bc4 Bc5
29. Qe2 Bxg1 30. Rxg1 Nc5 31. Be3 Ne6 32. Nf1 Nd4 33. Bxf7+ Qxf7 34. Bxd4 Rxd4
35. Ne3 Kf8 36. Qa6 Qb7 37. Qxa4 Rhd7 38. Qb3 Rg7 39. Rc1 Rgd7 40. Qe6 R7d6 41.
Qf5 Qf7 42. Qc8+ Qe8 43. Qxe8+ Kxe8 44. Nf5 Rd7 45. Nxd4 exd4 46. Rg1 Kf7 47.
Kc1 Ra7 48. Kb1 c5 49. b3 Rd7 50. f4 Re7 51. Re1 Ke6 52. Rg1 Kf7 53. Re1 Ke6
1/2-1/2

[Event "senmm16"]
[Site "Magdeburg"]
[Date "2016.10.10"]
[Round "2.11"]
[White "Frick, Christoph"]
[Black "Neumann, Joachim"]
[Result "1-0"]
[BlackElo "2085"]
[WhiteElo "2238"]
[LiveChessVersion "1.4.8"]

1. d4 Nf6 2. Bf4 e6 3. e3 c5 4. c3 d5 5. Nd2 Bd6 6. Bg3 O-O 7. Bd3 Nc6 8. Ngf3
b6 9. Ne5 Bb7 10. f4 Ne7 11. Qf3 Nf5 12. Bf2 Be7 13. Rd1 Nd6 14. Bh4 Nfe4 15.
Bxe7 Qxe7 16. O-O f6 17. Ng4 Rac8 18. Qh3 cxd4 19. exd4 Nc4 20. Nxc4 dxc4 21.
Bxe4 Bxe4 22. Rde1 Bf5 23. Nh6+ gxh6 24. Qxf5 Rfe8 25. Qh3 Rcd8 26. Rf3 Rd5 27.
Qxh6 Qf7 28. Qh3 Qh5 29. Rxe6 1-0

[Event "senmm16"]
[Site "Magdeburg"]
[Date "2016.10.10"]
[Round "2.12"]
[White "Gehrmann, Rudolf-Rainer"]
[Black "Weisenburger, Horst"]
[Result "1/2-1/2"]
[BlackElo "2152"]
[WhiteElo "2123"]
[LiveChessVersion "1.4.8"]

1. c4 f5 2. Nf3 Nf6 3. Nc3 d6 4. d4 g6 5. g3 Bg7 6. Bg2 O-O 7. O-O c6 8. Bg5 Ne4
9. Be3 Nxc3 10. bxc3 Nd7 11. Qb3 e5 12. c5+ d5 13. dxe5 Nxe5 14. Nxe5 Bxe5 15.
Bd4 Bxd4 16. cxd4 b5 1/2-1/2

[Event "senmm16"]
[Site "Magdeburg"]
[Date "2016.10.10"]
[Round "2.14"]
[White "Sprotte, Norbert"]
[Black "Kargoll, Peter"]
[Result "1/2-1/2"]
[BlackElo "2175"]
[WhiteElo "2142"]
[LiveChessVersion "1.4.8"]

1. d4 d5 2. Nf3 c6 3. c4 Nf6 4. Nbd2 Bf5 5. Nh4 Bg6 6. Qb3 Qb6 7. Qh3 Qc7 8.
Nxg6 fxg6 9. e3 Qd7 10. Qxd7+ Nbxd7 11. Be2 e5 12. O-O exd4 13. exd4 Bd6 14.
cxd5 Nxd5 15. Nc4 Bc7 16. Bg4 O-O-O 17. Ne5 Bxe5 18. dxe5 Kc7 19. f4 Rhe8 20.
Bf3 Nc5 21. g3 Nd3 22. Rd1 Nxc1 23. Raxc1 Ne3 24. Rxd8 Rxd8 25. Kf2 Nf5 26. Rd1
Nd4 27. Be4 a5 28. Rd2 c5 29. Ke3 b5 30. g4 Re8 31. h4 Re7 32. h5 g5 33. fxg5
Rxe5 34. Kf4 Re7 35. Bxh7 Ne6+ 36. Kf5 Nd4+ 37. Kg6 Nf3 1/2-1/2

[Event "senmm16"]
[Site "Magdeburg"]
[Date "2016.10.10"]
[Round "2.15"]
[White "Fecht, Hans-Peter"]
[Black "Baumbach, Friedrich, Dr."]
[Result "1-0"]
[BlackElo "2228"]
[WhiteElo "2148"]
[LiveChessVersion "1.4.8"]

1. Nf3 d5 2. b3 Bf5 3. Bb2 e6 4. g3 Nf6 5. Bg2 Be7 6. O-O O-O 7. c4 c6 8. d3 h6
9. Nbd2 a5 10. Ne5 Nbd7 11. Ndf3 a4 12. Qc2 Qb6 13. Nxd7 Nxd7 14. Ne5 Rfd8 15.
Rfc1 Bg5 16. Nxd7 Rxd7 17. c5 Qb5 18. f4 Be7 19. Bd4 Bf6 20. Bxf6 gxf6 21. Qb2
axb3 22. axb3 Rxa1 23. Qxa1 Kg7 24. Bf3 Bg6 25. Qa8 Qxb3 26. Qc8 Qa3 27. Rc2 Qb3
28. Rc1 Re7 29. Ra1 Qc3 30. Ra8 Qxc5+ 31. Kg2 Bh7 32. Qh8+ Kg6 33. Rg8+ Bxg8 34.
Qxg8+ 1-0

[Event "senmm16"]
[Site "Magdeburg"]
[Date "2016.10.10"]
[Round "2.16"]
[White "Burchardt, Brigitte"]
[Black "Villing, Dieter"]
[Result "1/2-1/2"]
[BlackElo "2128"]
[WhiteElo "2161"]
[LiveChessVersion "1.4.8"]

1. e4 c5 2. Nf3 Nc6 3. Nc3 e6 4. d4 cxd4 5. Nxd4 Nf6 6. Nxc6 bxc6 7. e5 Nd5 8.
Ne4 Qa5+ 9. c3 f5 10. exf6 Nxf6 11. Nxf6+ gxf6 12. Be2 Ba6 13. Bxa6 Qxa6 14.
Qh5+ Kd8 1/2-1/2

[Event "senmm16"]
[Site "Magdeburg"]
[Date "2016.10.10"]
[Round "2.17"]
[White "Clemens, Christian, Dr."]
[Black "Gabriel, Josef"]
[Result "1/2-1/2"]
[BlackElo "2139"]
[WhiteElo "2214"]
[LiveChessVersion "1.4.8"]

1. g3 e5 2. c4 Nc6 3. Bg2 Nf6 4. Nc3 Bb4 5. Nd5 Bc5 6. e3 O-O 7. Ne2 Re8 8. O-O
a6 9. a3 d6 10. b4 Ba7 11. Bb2 Rb8 12. d3 Bg4 13. h3 Bd7 14. Rc1 Re6 15. Qd2 Ne8
16. Kh2 Rh6 17. f4 exf4 18. gxf4 Ne7 19. e4 c6 20. Nxe7+ Qxe7 21. f5 Nf6 22. Qf4
Re8 23. Ng3 Be3 24. Qf3 Bg5 25. Rce1 Rh4 26. Kg1 Bd2 27. Rd1 Bf4 28. Rfe1 g5 29.
Bd4 Bxg3 30. Qxg3 Nh5 31. Qf3 Nf4 32. Bf2 Rh6 33. Be3 Nxg2 34. Qxg2 f6 35. Bd4
Kf7 36. Re3 Rg8 37. Rg3 Rh4 38. Rg4 h5 39. Rg3 g4 40. Qf2 Qf8 41. Kh2 Rxh3+ 42.
Rxh3 gxh3 43. Kxh3 Rg4 44. Rg1 Qg8 45. Be3 d5 1/2-1/2

[Event "senmm16"]
[Site "Magdeburg"]
[Date "2016.10.10"]
[Round "2.18"]
[White "Braeuner, Uwe"]
[Black "Nimtz, Manfred, Dr."]
[Result "1-0"]
[BlackElo "2212"]
[WhiteElo "2181"]
[LiveChessVersion "1.4.8"]

1. d4 Nf6 2. Nf3 g6 3. Bf4 Bg7 4. e3 O-O 5. h3 b6 6. Be2 Bb7 7. O-O c5 8. c4 d5
9. Nc3 cxd4 10. Nxd4 dxc4 11. Bxc4 Nbd7 12. Nf3 Rc8 13. Qe2 Rc5 14. b4 Bxf3 15.
gxf3 Rh5 16. Rac1 e5 17. Bg3 Rxh3 18. Rfd1 Qe7 19. a3 Nh5 20. Kg2 Nxg3 21. fxg3
Rh5 22. Nd5 Qg5 23. f4 Qh6 24. Rh1 Re8 25. g4 exf4 26. gxh5 fxe3 27. Rh3 Re5 28.
hxg6 Rg5+ 29. Rg3 Rxg3+ 30. Kxg3 Be5+ 31. Kf3 Qh3+ 32. Ke4 Qh4+ 33. Kd3 Qd4+ 34.
Kc2 Qb2+ 35. Kd1 Qd4+ 36. Qd3 Qg4+ 37. Kc2 Qg2+ 38. Qe2 Qxg6+ 39. Kb3 1-0

[Event "senmm16"]
[Site "Magdeburg"]
[Date "2016.10.10"]
[Round "2.19"]
[White "Lau, Udo"]
[Black "Wolf, Walter"]
[Result "1/2-1/2"]
[BlackElo "2109"]
[WhiteElo "2161"]
[LiveChessVersion "1.4.8"]

1. d4 g6 2. Nf3 Bg7 3. g3 f5 4. Bg2 Nf6 5. O-O O-O 6. c4 d6 7. Nc3 c6 8. Qd3 Na6
9. a3 Qe8 10. e4 e5 11. dxe5 dxe5 12. b4 fxe4 13. Nxe4 Nxe4 14. Qxe4 Bf5 15. Qe3
Qe6 16. Bb2 Qxc4 17. Nxe5 Qe6 18. Rfe1 Nc7 19. Rad1 Rfe8 20. f4 Nd5 21. Qf2 Nf6
22. Nxc6 Ne4 23. Bxe4 Bxe4 24. Bxg7 Qxc6 25. Be5 Bf5 26. Rc1 Qd5 27. Red1 Qf7
28. Rc7 Re7 29. Rxe7 Qxe7 30. Bc3 Rd8 31. Re1 Qd6 32. Qxa7 Qd3 33. Qe3 Qxe3+ 34.
Rxe3 Rd3 35. Rxd3 Bxd3 36. Kf2 b5 37. Ke3 Bc2 38. Kd4 h5 39. Kc5 Ba4 40. h3 Kf7
41. Kd6 Bb3 42. Bd4 Bc2 43. Ke5 Bb3 44. g4 hxg4 45. hxg4 Bd1 46. g5 Bc2 47. Kd5
Bb3+ 48. Ke5 Bc2 49. Bc3 Bb3 50. f5 gxf5 51. Kxf5 Bc2+ 52. Ke5 Kg6 53. Kf4 Bb3
54. Bf6 Bc2 55. Ke5 Bb3 56. Kd6 Bc2 57. Kc5 Ba4 1/2-1/2

[Event "senmm16"]
[Site "Magdeburg"]
[Date "2016.10.10"]
[Round "2.20"]
[White "Gerstenberger, Heinz"]
[Black "Dornieden, Manfred, Dr."]
[Result "1/2-1/2"]
[BlackElo "2209"]
[WhiteElo "2083"]
[LiveChessVersion "1.4.8"]

1. d4 g6 2. c4 Bg7 3. Nf3 d6 4. e4 Nd7 5. Nc3 c5 6. d5 Ngf6 7. g3 O-O 8. Bg2 a6
9. a4 Ng4 10. h3 Nge5 11. Nxe5 Nxe5 12. Qe2 f6 13. f4 Nf7 14. O-O Bd7 15. Bd2 b6
16. Rfb1 Qc7 17. Nd1 Rab8 18. Bc3 b5 19. axb5 axb5 20. b3 bxc4 21. bxc4 1/2-1/2

[Event "senmm16"]
[Site "Magdeburg"]
[Date "2016.10.10"]
[Round "2.21"]
[White "Hanisch, Friedrich"]
[Black "Bartsch, Berthold"]
[Result "0-1"]
[BlackElo "2267"]
[WhiteElo "2155"]
[LiveChessVersion "1.4.8"]

1. d4 b5 2. Nf3 Bb7 3. e3 a6 4. c4 bxc4 5. Bxc4 e6 6. O-O Nf6 7. Nc3 Be7 8. Re1
O-O 9. e4 d5 10. exd5 Nxd5 11. Nxd5 Bxd5 12. Bxd5 Qxd5 13. Bf4 c6 14. Qc2 Nd7
15. a3 Rac8 16. Rad1 Rfd8 17. h3 Qb5 18. Qe2 Nb6 19. Rc1 Nd5 20. Be5 h6 21. Qxb5
cxb5 22. Bg3 Bf6 23. Be5 Be7 24. Bg3 Kf8 25. Red1 Ke8 26. Kf1 f6 27. Rxc8 Rxc8
28. Ke2 g5 29. Ne1 Nb6 30. Rd2 Nc4 31. Rc2 Rd8 32. Nf3 h5 33. a4 g4 34. hxg4
hxg4 35. Nh2 Rxd4 36. axb5 axb5 37. b3 Na5 38. Rc8+ Kf7 39. Rc3 Rb4 40. Rc7 e5
41. f3 gxf3+ 42. Nxf3 Rxb3 43. Nxe5+ fxe5 44. Bh4 Nc6 0-1

[Event "senmm16"]
[Site "Magdeburg"]
[Date "2016.10.10"]
[Round "2.22"]
[White "Kannenberg, Karl-Heinz"]
[Black "Daeubler, Heinrich"]
[Result "1-0"]
[BlackElo "2156"]
[WhiteElo "2214"]
[LiveChessVersion "1.4.8"]

1. d4 Nf6 2. c4 g6 3. Nf3 Bg7 4. e3 d6 5. Be2 O-O 6. O-O Nc6 7. Nc3 e5 8. dxe5
dxe5 9. b3 e4 10. Nd4 Nxd4 11. exd4 Re8 12. Bg5 h6 13. Bf4 c6 14. Qd2 Kh7 15.
Rad1 Bf5 16. h3 g5 17. Be5 Qd7 18. Qe3 Rad8 19. f3 Bxh3 20. fxe4 Ng4 21. Qxh3
Nxe5 22. dxe5 Qxh3 23. gxh3 Bxe5 24. Rxf7+ Kg8 25. Rf3 Rxd1+ 26. Bxd1 Rd8 27.
Be2 Rd2 28. Kf1 Rc2 29. Nd1 Rxa2 30. Ne3 Kg7 31. Nf5+ Kg6 32. Rd3 a5 33. Rd7 b5
34. cxb5 cxb5 35. Rd5 Bf4 36. Rxb5 a4 37. Rb6+ Kf7 38. Bh5+ Kg8 39. Rg6+ Kf8 40.
Rc6 Kg8 41. Bg6 Ra1+ 42. Ke2 Rc1 43. Rxc1 Bxc1 44. bxa4 1-0

[Event "senmm16"]
[Site "Magdeburg"]
[Date "2016.10.10"]
[Round "2.23"]
[White "Fischer, Gerd"]
[Black "Schmidt, Gerhard"]
[Result "1/2-1/2"]
[BlackElo "2214"]
[WhiteElo "2090"]
[LiveChessVersion "1.4.8"]

1. e4 c5 2. f4 e6 3. Nf3 d5 4. Nc3 Nf6 5. e5 Ng8 6. d4 Nh6 7. Ne2 Nf5 8. c3 Nc6
9. Ng3 Nh4 10. Nxh4 Qxh4 11. Bb5 Bd7 12. Bxc6 bxc6 13. O-O g6 14. Be3 cxd4 15.
cxd4 Qd8 16. Qd2 Qb6 17. Rfc1 Bb4 18. Qf2 Be7 19. Qd2 a5 20. a3 O-O 21. Rc2 Rfb8
22. Ne2 Qa6 23. Nc1 Rb6 24. Nd3 Rab8 25. Rf1 Rb3 26. Rc3 R3b6 27. Rfc1 Qb7 28.
R1c2 Qa6 29. Qd1 Qb7 30. Qd2 Qa6 31. Qd1 Qb7 1/2-1/2

[Event "senmm16"]
[Site "Magdeburg"]
[Date "2016.10.10"]
[Round "2.24"]
[White "Urytskyy, Arkadiy"]
[Black "Straub, Peter"]
[Result "1-0"]
[BlackElo "2082"]
[WhiteElo "2178"]
[LiveChessVersion "1.4.8"]

1. Nf3 Nf6 2. g3 e6 3. Bg2 Be7 4. O-O O-O 5. c4 d5 6. b3 Nbd7 7. d3 c5 8. cxd5
exd5 9. d4 b6 10. Bb2 Bb7 11. Nbd2 Re8 12. Rc1 Bf8 13. Re1 Rc8 14. Bh3 Rc7 15.
Nf1 Ne4 16. Ne3 g6 17. dxc5 Bxc5 18. Bd4 Ba3 19. Rxc7 Qxc7 20. Qa1 Bf8 21. Rc1
Qd6 22. Bxd7 Qxd7 23. Be5 Rc8 24. Bd4 Ba3 25. Rd1 Qb5 26. Ng4 Bf8 27. Qb2 h5 28.
Nge5 Ba6 29. Nd3 Qd7 30. Kg2 Qe6 31. Nf4 Qc6 32. e3 Qc2 33. Nxd5 Qxb2 34. Bxb2
Rc2 35. Nf6+ Nxf6 36. Bxf6 Rc6 37. Be5 Re6 38. Rd7 Be2 39. Bf4 Bxf3+ 40. Kxf3 a5
41. Rd8 Kg7 42. Bh6+ Kxh6 43. Rxf8 Kg7 44. Rb8 f5 45. h4 Kf6 46. Rc8 Ke5 47. Rc4
Rd6 48. Ke2 Ke6 49. a3 b5 50. Rc5 Rb6 51. b4 axb4 52. axb4 Rb8 53. Rc6+ Kf7 54.
Kf3 Rb7 55. Kf4 Re7 56. Kg5 Re4 57. Rf6+ Ke7 58. Rxg6 Rxb4 59. Kxf5 Rb2 60. f4
b4 61. e4 b3 62. e5 Rc2 63. Rg7+ Kf8 64. Rb7 b2 65. Kf6 1-0